[Event "6. Copenhagen Open Politiken Cup"]
[Site "Copenhagen"]
[Date "1984.??.??"]
[Round "3"]
[White "Degerman, Lars"]
[Black "Bilek, Istvan"]
[Result "1/2-1/2"]
[WhiteElo "2270"]
[BlackElo "2395"]
[PlyCount "24"]
[EventDate "1984.??.??"]
[EventType "swiss"]
[EventRounds "10"]
[EventCountry "DEN"]
[SourceDate "2004.01.01"]

1. e4 c5 2. Nf3 g6 3. d4 Bg7 4. Nc3 Qa5 5. Be2 Nc6 6. Be3 Nf6 7. Qd2 cxd4 8.
Nxd4 Nxe4 9. Nxc6 Qxc3 10. bxc3 Nxd2 11. Nxe7 Nc4 12. Bd4 Bxd4 1/2-1/2

[Event "6. Copenhagen Open Politiken Cup"]
[Site "Copenhagen"]
[Date "1984.??.??"]
[Round "3"]
[White "Fette, Martin"]
[Black "Jensen, Allan Astrup"]
[Result "1-0"]
[WhiteElo "2270"]
[BlackElo "2240"]
[PlyCount "90"]
[EventDate "1984.??.??"]
[EventType "swiss"]
[EventRounds "10"]
[EventCountry "DEN"]
[SourceDate "2004.01.01"]

1. e4 e5 2. Nf3 Nc6 3. Bc4 Bc5 4. c3 Bb6 5. d4 Qe7 6. O-O Nf6 7. Re1 h6 8. Na3
a6 9. Nc2 d6 10. Ne3 Bg4 11. Nd5 Qd8 12. Be3 O-O 13. Qd3 Ba7 14. Nd2 Nd7 15. f4
Na5 16. f5 Nxc4 17. Nxc4 Bh5 18. dxe5 b5 19. Bxa7 bxc4 20. Qh3 Rxa7 21. e6 fxe6
22. fxe6 Qg5 23. e7 Rfa8 24. Qxd7 Be8 25. Qf5 c6 26. Qxg5 hxg5 27. Nb6 Rb8 28.
Nxc4 Rxe7 29. b3 Rd8 30. Rad1 Re6 31. e5 d5 32. b4 Bh5 33. Rd2 Rde8 34. Na5 Bg6
35. Rde2 Be4 36. Nb7 Rxe5 37. Nc5 Kf7 38. Nxa6 Ra8 39. Nc5 Ra3 40. c4 Rc3 41.
cxd5 cxd5 42. a4 Rc4 43. Rb2 Re8 44. a5 Rb8 45. a6 Rxc5 1-0

[Event "6. Copenhagen Open Politiken Cup"]
[Site "Copenhagen"]
[Date "1984.??.??"]
[Round "3"]
[White "Fuller, Maxwell"]
[Black "Hartung Nielsen, Jens"]
[Result "1/2-1/2"]
[WhiteElo "2335"]
[BlackElo "2240"]
[PlyCount "83"]
[EventDate "1984.??.??"]
[EventType "swiss"]
[EventRounds "10"]
[EventCountry "DEN"]
[SourceDate "2004.01.01"]

1. d4 d5 2. Nf3 e6 3. Bg5 Be7 4. Bxe7 Nxe7 5. e3 b6 6. c3 Bb7 7. Bd3 Nd7 8.
Nbd2 O-O 9. b4 Ng6 10. h4 Re8 11. h5 Ngf8 12. h6 g6 13. Bb5 c6 14. Be2 Qe7 15.
Nb3 e5 16. dxe5 Nxe5 17. Nxe5 Qxe5 18. Qd4 Nd7 19. O-O Rac8 20. a4 a6 21. a5 b5
22. Rae1 Re7 23. f4 Qxd4 24. exd4 Rce8 25. Kf2 Nf6 26. Bf3 Bc8 27. Nc5 Rxe1 28.
Rxe1 Rxe1 29. Kxe1 Nd7 30. Nd3 f6 31. Bg4 f5 32. Bf3 Nf6 33. Ne5 Bb7 34. Kf2
Ne8 35. g4 Nd6 36. Kg3 fxg4 37. Kxg4 Nf7 38. Nxf7 Kxf7 39. Kg5 Bc8 40. Be2 Bf5
41. Bd1 Ke6 42. Bf3 1/2-1/2

[Event "6. Copenhagen Open Politiken Cup"]
[Site "Copenhagen"]
[Date "1984.??.??"]
[Round "3"]
[White "Gallagher, Joseph G"]
[Black "Sznapik, Aleksander"]
[Result "1/2-1/2"]
[WhiteElo "2260"]
[BlackElo "2460"]
[PlyCount "115"]
[EventDate "1984.??.??"]
[EventType "swiss"]
[EventRounds "10"]
[EventCountry "DEN"]
[SourceDate "2004.01.01"]

1. e4 g6 2. d4 Bg7 3. Nc3 d6 4. Nf3 Nf6 5. Be2 O-O 6. O-O c6 7. a4 Nbd7 8. h3
e5 9. dxe5 dxe5 10. Be3 Qe7 11. Re1 Nc5 12. Nd2 Rd8 13. Qc1 Ne6 14. Bf1 Nh5 15.
Nc4 Nd4 16. Ne2 Ne6 17. g4 Nf6 18. Bg2 h5 19. Nxe5 Nc5 20. Nd3 Nxd3 21. cxd3
hxg4 22. hxg4 Nxg4 23. Bg5 Bf6 24. Bxf6 Qxf6 25. Qf4 Rxd3 26. Rad1 Rxd1 27.
Rxd1 Be6 28. Qxf6 Nxf6 29. Nf4 Bb3 30. Rd6 Ng4 31. Nxg6 Bxa4 32. Bf3 Nh6 33.
Nf4 Kg7 34. Nh5+ Kh7 35. Nf6+ Kh8 36. Kf1 Bb3 37. Nd7 Kg7 38. Nc5 Bc4+ 39. Be2
Bxe2+ 40. Kxe2 b6 41. Nd3 Re8 42. f3 Nf5 43. Rd7 Re7 44. Rd8 c5 45. Nf4 Nd4+
46. Ke3 Nc6 47. Rd6 Ne5 48. Nh5+ Kf8 49. Kf4 Nd7 50. Rh6 Re8 51. Rc6 Ke7 52.
Ng7 Rf8 53. Nf5+ Kd8 54. Nd6 f6 55. Rc8+ Ke7 56. Nf5+ Ke6 57. Rc6+ Kf7 58. Rc7
1/2-1/2

[Event "6. Copenhagen Open Politiken Cup"]
[Site "Copenhagen"]
[Date "1984.??.??"]
[Round "3"]
[White "Grooten, Herman"]
[Black "Lengyel, Levente"]
[Result "0-1"]
[WhiteElo "2305"]
[BlackElo "2415"]
[PlyCount "108"]
[EventDate "1984.??.??"]
[EventType "swiss"]
[EventRounds "10"]
[EventCountry "DEN"]
[SourceDate "2004.01.01"]

1. d4 Nf6 2. Nf3 e6 3. c4 b6 4. a3 d5 5. Nc3 Be7 6. g3 O-O 7. Bg2 Bb7 8. Ne5
Na6 9. O-O c5 10. cxd5 exd5 11. dxc5 bxc5 12. Qa4 Qe8 13. Qxe8 Rfxe8 14. Rd1
Nc7 15. Bf4 Rac8 16. Nc4 Ba6 17. Nd6 Bxd6 18. Bxd6 d4 19. Na4 Bxe2 20. Rd2 d3
21. Bxc5 Nb5 22. f3 Nd7 23. b4 Ne5 24. Nb2 Rxc5 25. bxc5 Nd4 26. Rad1 Nexf3+
27. Bxf3 Nxf3+ 28. Kg2 Bxd1 29. Rxd1 Ne5 30. Nxd3 Rd8 31. Nf2 Rxd1 32. Nxd1 Kf8
33. Nc3 Ke7 34. Nb5 a6 35. Nd4 Kd7 36. Kf1 Nc4 37. a4 Nb2 38. a5 Nd3 39. c6+
Kc7 40. Ke2 Ne5 41. Ke3 g6 42. Kf4 Nxc6 43. Nb3 Kd6 44. Kg5 Kd5 45. Kh6 Kc4 46.
Nd2+ Kb4 47. h4 Nxa5 48. Kxh7 Nc4 49. Nf3 Kc3 50. Ng1 Kd3 51. Nh3 a5 52. Nf4+
Kd2 53. Nd5 a4 54. g4 Ne3 0-1

[Event "6. Copenhagen Open Politiken Cup"]
[Site "Copenhagen"]
[Date "1984.??.??"]
[Round "3"]
[White "Hartman, Christer"]
[Black "Tompa, Janos"]
[Result "1-0"]
[WhiteElo "2210"]
[BlackElo "2420"]
[PlyCount "113"]
[EventDate "1984.??.??"]
[EventType "swiss"]
[EventRounds "10"]
[EventCountry "DEN"]
[SourceDate "2004.01.01"]

1. e4 c5 2. Nf3 e6 3. d4 cxd4 4. Nxd4 Nf6 5. Nc3 d6 6. Be2 a6 7. O-O Nbd7 8. f4
b5 9. Bf3 Bb7 10. e5 Bxf3 11. Nxf3 Ng4 12. Qe1 Qb6+ 13. Kh1 b4 14. Ne4 d5 15.
Nf2 Nxf2+ 16. Rxf2 Bc5 17. Re2 O-O 18. b3 Rfe8 19. a4 bxa3 20. Bxa3 a5 21. Bc1
Qb5 22. Bd2 Bb6 23. Be3 Nc5 24. c4 dxc4 25. bxc4 Qxc4 26. Rc1 Qb5 27. Nd4 Qb4
28. Qg1 Nd7 29. Rb1 Qa4 30. Ra1 Qc4 31. Rc2 Qd3 32. Rd1 Qe4 33. Re2 Bxd4 34.
Rxd4 Qb7 35. Qd1 Nc5 36. Rc2 Nb3 37. Rd7 Qe4 38. Rcc7 Qxe3 39. Rxf7 Kh8 40.
Rxg7 Qe4 41. h3 Rec8 42. Rxh7+ Qxh7 43. Rxh7+ Kxh7 44. Qh5+ Kg7 45. Qg5+ Kh7
46. Qe7+ Kh8 47. Qf6+ Kh7 48. Qxe6 a4 49. Qf7+ Kh8 50. f5 Rf8 51. Qh5+ Kg8 52.
Qg6+ Kh8 53. f6 Ra7 54. e6 Rg8 55. Qh5+ Rh7 56. Qe5 a3 57. f7+ 1-0

[Event "6. Copenhagen Open Politiken Cup"]
[Site "Copenhagen"]
[Date "1984.??.??"]
[Round "3"]
[White "Hvenekilde, Jorgen"]
[Black "Hoi, Carsten"]
[Result "1-0"]
[WhiteElo "2290"]
[BlackElo "2400"]
[PlyCount "81"]
[EventDate "1984.??.??"]
[EventType "swiss"]
[EventRounds "10"]
[EventCountry "DEN"]
[SourceDate "2004.01.01"]

1. d4 Nf6 2. c4 c6 3. Nc3 d5 4. Nf3 g6 5. Bf4 Bg7 6. cxd5 cxd5 7. Bxb8 Rxb8 8.
Qa4+ Bd7 9. Qxa7 O-O 10. e3 Ne4 11. Qa3 b5 12. Qb4 Nxc3 13. bxc3 Qc7 14. Be2
Rfc8 15. O-O e6 16. Rfc1 Bf8 17. Qb3 Bd6 18. a3 Kg7 19. h3 f5 20. Ne1 h5 21. f4
g5 22. fxg5 f4 23. Qc2 Be8 24. e4 e5 25. exd5 exd4 26. Qf5 Qf7 27. Qxf7+ Bxf7
28. cxd4 Rxc1 29. Rxc1 Rb7 30. Rc6 Bb8 31. Bf3 Ba7 32. Nc2 Rd7 33. Kf2 Bg6 34.
Ke2 h4 35. Kd2 Bf5 36. Kc3 Bb8 37. Nb4 Bd6 38. Kb3 Be7 39. Rb6 Bxg5 40. Nc6 Bd3
41. Ne5 1-0

[Event "6. Copenhagen Open Politiken Cup"]
[Site "Copenhagen"]
[Date "1984.??.??"]
[Round "3"]
[White "Knoppert, Erik G J"]
[Black "Auchenberg, Per"]
[Result "1/2-1/2"]
[WhiteElo "2245"]
[BlackElo "2240"]
[PlyCount "198"]
[EventDate "1984.??.??"]
[EventType "swiss"]
[EventRounds "10"]
[EventCountry "DEN"]
[SourceDate "2004.01.01"]

1. c4 f5 2. g3 Nf6 3. Bg2 g6 4. Nf3 Bg7 5. O-O O-O 6. d4 d6 7. Nc3 c6 8. b3 a5
9. Qc2 Na6 10. a3 Nh5 11. Bb2 Bd7 12. Rad1 b5 13. cxb5 cxb5 14. Ng5 Ra7 15.
Bd5+ Kh8 16. Nf7+ Rxf7 17. Bxf7 Nc7 18. d5 b4 19. Na4 bxa3 20. Bxa3 Rb7 21. Be6
Nxe6 22. dxe6 Bxe6 23. Rd3 Qb8 24. b4 axb4 25. Bb2 f4 26. Bxg7+ Kxg7 27. Rd4
fxg3 28. hxg3 Nf6 29. Qd2 b3 30. Nb2 Rc7 31. Qe3 Kf7 32. Nd3 b2 33. Rb1 Rc2 34.
Rb4 Qc7 35. R1xb2 Rxb2 36. Rxb2 Bd7 37. f3 Bc8 38. Nf4 Bd7 39. Qb3+ Kf8 40. Kg2
Qc5 41. Ne6+ Bxe6 42. Qxe6 Qc7 43. Ra2 Qb7 44. Qe3 Qd5 45. Ra7 Ng8 46. g4 h6
47. Rc7 Kg7 48. Kf2 Qf7 49. Qe4 Qf6 50. Qd5 Qf7 51. Qe4 Qf6 52. Rc8 Qh4+ 53.
Kg2 Qf6 54. f4 Qf7 55. g5 hxg5 56. fxg5 Qa2 57. Qd4+ Kf7 58. Qf4+ Kg7 59. Qc4
Qxc4 60. Rxc4 Kf7 61. Rf4+ Ke8 62. Kf3 e5 63. Ra4 Kd7 64. Ra7+ Ke6 65. e4 Ne7
66. Ke3 Nc6 67. Rc7 Ne7 68. Rb7 Nc6 69. Rb6 Ne7 70. Kd3 Nc8 71. Ra6 Ne7 72. Kc4
Kd7 73. Ra7+ Ke6 74. Rc7 Ng8 75. Rb7 Ne7 76. Rb6 Kd7 77. Kb5 Kc7 78. Ra6 Kd7
79. Ra7+ Ke6 80. Rb7 d5 81. Rb6+ Kd7 82. exd5 Nxd5 83. Rxg6 Nf4 84. Rf6 Ke7 85.
Kc4 Nh5 86. Rh6 Nf4 87. Kc3 Ne6 88. Rh7+ Kf8 89. Rh5 Kg7 90. Kd2 Nd8 91. Ke3
Nf7 92. Kf3 Kg6 93. Kg4 e4 94. Rh1 Nxg5 95. Kf4 Nf7 96. Kxe4 Kf6 97. Ra1 Ng5+
98. Kd5 Kf5 99. Rf1+ Kg4 1/2-1/2

[Event "6. Copenhagen Open Politiken Cup"]
[Site "Copenhagen"]
[Date "1984.??.??"]
[Round "3"]
[White "Kovacs, Laszlo"]
[Black "Matulovic, Milan"]
[Result "1/2-1/2"]
[WhiteElo "2345"]
[BlackElo "2465"]
[PlyCount "30"]
[EventDate "1984.??.??"]
[EventType "swiss"]
[EventRounds "10"]
[EventCountry "DEN"]
[SourceDate "2004.01.01"]

1. d4 g6 2. e4 d6 3. Nf3 Nf6 4. Nc3 Bg7 5. Be2 O-O 6. O-O c6 7. a4 Nbd7 8. Re1
e5 9. dxe5 dxe5 10. b3 Qa5 11. Qd2 Re8 12. Bc4 Nb6 13. Bd3 Nbd7 14. Bc4 Nb6 15.
Bd3 Nbd7 1/2-1/2

[Event "6. Copenhagen Open Politiken Cup"]
[Site "Copenhagen"]
[Date "1984.??.??"]
[Round "3"]
[White "Kristensen, Leif Sogaard"]
[Black "Horvath, Tamas"]
[Result "1/2-1/2"]
[WhiteElo "2220"]
[BlackElo "2440"]
[PlyCount "37"]
[EventDate "1984.??.??"]
[EventType "swiss"]
[EventRounds "10"]
[EventCountry "DEN"]
[SourceDate "2004.01.01"]

1. e4 c5 2. Nf3 e6 3. c3 d5 4. exd5 Qxd5 5. d4 Nf6 6. Be2 Be7 7. Na3 O-O 8. Nb5
Na6 9. O-O cxd4 10. Qxd4 Qxd4 11. Nbxd4 Nc5 12. Rd1 Rd8 13. Ne5 Nfe4 14. Be3 f6
15. Nd3 Na4 16. f4 Nd6 17. Bf2 Ne4 18. Be3 Nd6 19. Bf2 1/2-1/2

[Event "6. Copenhagen Open Politiken Cup"]
[Site "Copenhagen"]
[Date "1984.??.??"]
[Round "3"]
[White "Nilsson, Nils Specht"]
[Black "De Boer, Gert Jan"]
[Result "0-1"]
[WhiteElo "2245"]
[BlackElo "2340"]
[PlyCount "94"]
[EventDate "1984.??.??"]
[EventType "swiss"]
[EventRounds "10"]
[EventCountry "DEN"]
[SourceDate "2004.01.01"]

1. e4 c5 2. Nf3 e6 3. d4 cxd4 4. Nxd4 Nf6 5. Nc3 d6 6. g3 a6 7. Bg2 Qc7 8. O-O
Be7 9. f4 O-O 10. f5 e5 11. Nb3 b5 12. a3 Bb7 13. g4 h6 14. g5 hxg5 15. Bxg5
Nbd7 16. Qe1 Rfe8 17. Qh4 Nf8 18. Rf3 N6h7 19. Bxe7 Qxe7 20. Qxe7 Rxe7 21. Na5
Nf6 22. Rd3 Ne8 23. a4 bxa4 24. Rxa4 Rc8 25. Nc4 Nd7 26. Nxd6 Rxc3 27. Rxc3
Nxd6 28. Rc7 Kf8 29. Ra5 f6 30. c4 Nb8 31. Rxe7 Kxe7 32. Ra4 Nd7 33. b3 Nc5 34.
Ra3 Ncxe4 35. b4 Nxc4 36. Bxe4 Bxe4 37. Rxa6 Bxf5 38. Ra7+ Bd7 39. Rc7 Nd6 40.
Kf2 g5 41. Ra7 f5 42. Ra8 f4 43. Rg8 Be6 44. Rb8 Bc4 45. Rh8 e4 46. h4 e3+ 47.
Kf3 g4+ 0-1

[Event "6. Copenhagen Open Politiken Cup"]
[Site "Copenhagen"]
[Date "1984.??.??"]
[Round "3"]
[White "Pokojowczyk, Jerzy"]
[Black "Jacoby, Gisbert"]
[Result "1/2-1/2"]
[WhiteElo "2370"]
[BlackElo "2245"]
[PlyCount "61"]
[EventDate "1984.??.??"]
[EventType "swiss"]
[EventRounds "10"]
[EventCountry "DEN"]
[SourceDate "2004.01.01"]

1. e4 c5 2. Nf3 Nc6 3. d4 cxd4 4. Nxd4 Nf6 5. Nc3 d6 6. Bg5 e6 7. Qd2 Be7 8.
O-O-O O-O 9. f4 h6 10. Bh4 e5 11. Nf5 Bxf5 12. exf5 exf4 13. Kb1 d5 14. Bxf6
Bxf6 15. Nxd5 Be5 16. f6 Bxf6 17. Qxf4 Be5 18. Qf5 Qd6 19. Bc4 Nd4 20. Qe4 b5
21. Rxd4 bxc4 22. Rxc4 Rad8 23. Rd1 Bxh2 24. Qf3 Rc8 25. Rxc8 Rxc8 26. Qe4 Be5
27. c4 a5 28. Re1 Re8 29. Qf5 Qb8 30. b3 Re6 31. Qd3 1/2-1/2

[Event "6. Copenhagen Open Politiken Cup"]
[Site "Copenhagen"]
[Date "1984.??.??"]
[Round "3"]
[White "Portisch, Ferenc"]
[Black "Norgaard, Jesper"]
[Result "1/2-1/2"]
[WhiteElo "2445"]
[BlackElo "2315"]
[PlyCount "94"]
[EventDate "1984.??.??"]
[EventType "swiss"]
[EventRounds "10"]
[EventCountry "DEN"]
[SourceDate "2004.01.01"]

1. d4 Nf6 2. c4 c5 3. d5 e5 4. Nc3 d6 5. e4 Be7 6. g3 O-O 7. Bg2 Nbd7 8. Nge2
Ne8 9. O-O g6 10. Bh6 Ng7 11. Qd2 Nf6 12. h3 Kh8 13. Rae1 a6 14. a3 Bd7 15. Be3
b5 16. f4 Nfe8 17. b3 f6 18. Kh2 Kg8 19. Nc1 Rb8 20. Nd3 Bc8 21. Rb1 Nc7 22.
Rb2 Na8 23. b4 Nb6 24. cxb5 Nc4 25. Qe2 Nxb2 26. Qxb2 c4 27. bxa6 cxd3 28. a7
Ra8 29. b5 Rf7 30. b6 Bf8 31. a4 f5 32. a5 Ba6 33. Na2 exf4 34. Rxf4 Nh5 35.
Nb4 Bg7 36. Qd2 Qc8 37. Nxa6 Qxa6 38. exf5 Nxf4 39. gxf4 Rc8 40. Bf1 Rc3 41.
Qa2 Re7 42. Bd2 Re2+ 43. Bxe2 dxe2 44. Bxc3 Bxc3 45. a8=Q+ Qxa8 46. Qxe2 Qxa5
47. b7 Qb6 1/2-1/2

[Event "6. Copenhagen Open Politiken Cup"]
[Site "Copenhagen"]
[Date "1984.??.??"]
[Round "3"]
[White "Reinert, Mads"]
[Black "Davies, Nigel"]
[Result "1/2-1/2"]
[WhiteElo "2330"]
[BlackElo "2340"]
[PlyCount "65"]
[EventDate "1984.??.??"]
[EventType "swiss"]
[EventRounds "10"]
[EventCountry "DEN"]
[SourceDate "2004.01.01"]

1. e4 g6 2. d4 Bg7 3. Nc3 d6 4. Be3 Nf6 5. f3 c6 6. Qd2 b5 7. Bd3 Nbd7 8. g4
Nb6 9. Nce2 h5 10. g5 Nfd7 11. f4 Nc4 12. Bxc4 bxc4 13. Nf3 h4 14. O-O Nb6 15.
a4 a5 16. Nc3 Bg4 17. Qf2 Qd7 18. d5 c5 19. e5 h3 20. Rae1 O-O-O 21. Nd2 Bh5
22. b3 Qg4+ 23. Kh1 Qg2+ 24. Qxg2 hxg2+ 25. Kxg2 cxb3 26. cxb3 Bg4 27. Rf2 dxe5
28. Bxc5 Nxd5 29. Nxd5 Rxd5 30. Bxe7 exf4 31. Bf6 Bxf6 32. gxf6 Be6 33. Ne4
1/2-1/2

[Event "6. Copenhagen Open Politiken Cup"]
[Site "Copenhagen"]
[Date "1984.??.??"]
[Round "3"]
[White "Schandorff, Lars"]
[Black "Knudsen, Per"]
[Result "1/2-1/2"]
[WhiteElo "2310"]
[BlackElo "2295"]
[PlyCount "115"]
[EventDate "1984.??.??"]
[EventType "swiss"]
[EventRounds "10"]
[EventCountry "DEN"]
[SourceDate "2004.01.01"]

1. c4 e5 2. Nc3 f5 3. d4 exd4 4. Qxd4 Nc6 5. Qe3+ Kf7 6. Nf3 Nf6 7. Nd5 h6 8.
Ne5+ Nxe5 9. Qxe5 c6 10. Nxf6 Bb4+ 11. Bd2 Bxd2+ 12. Kxd2 d6 13. Qd4 Qxf6 14.
e3 Qxd4+ 15. exd4 c5 16. Kc3 Bd7 17. Bd3 Kf6 18. b4 b6 19. Rhb1 Rab8 20. Rb3
Bc6 21. d5 Bd7 22. bxc5 dxc5 23. a4 Rb7 24. a5 Rhb8 25. axb6 axb6 26. f4 g6 27.
Ra6 Ke7 28. Be2 Kd6 29. Bf3 Bc8 30. h3 Bd7 31. Kd3 Bc8 32. Rba3 Rd7 33. Ra8 Kc7
34. Rxb8 Kxb8 35. Ra1 Kc7 36. Ra7+ Kb8 37. Ra1 Kc7 38. Re1 Ba6 39. Re6 Rd6 40.
Re7+ Rd7 41. Re5 Rd6 42. Bd1 b5 43. cxb5 Bxb5+ 44. Kc3 Ra6 45. Bf3 Kd6 46. Re6+
Kd7 47. Re1 Ra3+ 48. Kb2 Ra4 49. Re6 Ra6 50. Re3 Bc4 51. Re1 Rd6 52. Rd1 Ra6
53. Kc3 Bb5 54. Rb1 Ra5 55. Re1 Ra3+ 56. Kb2 Ra4 57. Re6 Ra6 58. Re5 1/2-1/2

[Event "6. Copenhagen Open Politiken Cup"]
[Site "Copenhagen"]
[Date "1984.??.??"]
[Round "3"]
[White "Sorensen, Henrik"]
[Black "Poulsen, Allan"]
[Result "1/2-1/2"]
[WhiteElo "2250"]
[BlackElo "2350"]
[PlyCount "101"]
[EventDate "1984.??.??"]
[EventType "swiss"]
[EventRounds "10"]
[EventCountry "DEN"]
[SourceDate "2004.01.01"]

1. d4 g6 2. e4 Bg7 3. c3 d5 4. Nd2 dxe4 5. Nxe4 Nd7 6. Bc4 Ndf6 7. Ng5 Nh6 8.
Qb3 e6 9. N1f3 Nd5 10. O-O O-O 11. Re1 c6 12. Bf1 Nf5 13. Bd2 h6 14. Ne4 b6 15.
Rad1 Qc7 16. g3 Bb7 17. c4 Nf6 18. Bf4 Qe7 19. Nc3 Rfd8 20. Be5 Rd7 21. Bg2 Qd8
22. h3 h5 23. a3 Rc8 24. Qa2 c5 25. dxc5 Rxc5 26. b4 Rc8 27. Rxd7 Nxd7 28. Bxg7
Kxg7 29. Rd1 Qe7 30. Qe2 Nf6 31. Nb5 a6 32. Nbd4 Nxd4 33. Rxd4 Rd8 34. Qd1 Rd7
35. Ne5 Rxd4 36. Qxd4 Bxg2 37. Kxg2 Qb7+ 38. Kh2 Qe4 39. Qxe4 Nxe4 40. Nd7 Nxf2
41. Nxb6 Kf8 42. Nd7+ Ke8 43. Nc5 e5 44. Nxa6 e4 45. b5 Kd7 46. Kg2 Nd3 47. c5
h4 48. gxh4 f5 49. c6+ Kd6 50. Nb4 Nxb4 51. axb4 1/2-1/2

[Event "6. Copenhagen Open Politiken Cup"]
[Site "Copenhagen"]
[Date "1984.??.??"]
[Round "3"]
[White "Van Mil, Johan"]
[Black "King, Daniel J"]
[Result "1/2-1/2"]
[WhiteElo "2370"]
[BlackElo "2435"]
[PlyCount "29"]
[EventDate "1984.??.??"]
[EventType "swiss"]
[EventRounds "10"]
[EventCountry "DEN"]
[SourceDate "2004.01.01"]

1. e4 c5 2. Nf3 d6 3. d4 cxd4 4. Nxd4 Nf6 5. Nc3 a6 6. f4 Nbd7 7. a4 e5 8. Nf3
Be7 9. Bd3 O-O 10. O-O Nc5 11. Kh1 d5 12. Nxe5 dxe4 13. Bc4 Be6 14. Be3 Rc8 15.
Qe2 1/2-1/2

[Event "6. Copenhagen Open Politiken Cup"]
[Site "Copenhagen"]
[Date "1984.??.??"]
[Round "3"]
[White "Wedberg, Tom"]
[Black "Cramling, Dan"]
[Result "1-0"]
[WhiteElo "2495"]
[BlackElo "2380"]
[PlyCount "72"]
[EventDate "1984.??.??"]
[EventType "swiss"]
[EventRounds "10"]
[EventCountry "DEN"]
[SourceDate "2004.01.01"]

1. e4 c5 2. Nf3 e6 3. d4 cxd4 4. Nxd4 Nf6 5. Nc3 d6 6. g3 Nc6 7. Bg2 Bd7 8. O-O
Be7 9. Be3 O-O 10. f4 a6 11. a4 Rc8 12. Nb3 Na5 13. Nxa5 Qxa5 14. Qd2 Kh8 15.
h3 d5 16. exd5 Nxd5 17. Nxd5 Qxd2 18. Bxd2 exd5 19. c3 Bc5+ 20. Kh2 Rfe8 21.
Rfe1 d4 22. Rxe8+ Rxe8 23. Re1 Rxe1 24. Bxe1 dxc3 25. Bxc3 b6 26. Bd5 Bxa4 27.
Bxf7 Be7 28. b4 Bf6 29. Bd2 Bd4 30. Bc4 Bb5 31. Bxb5 axb5 32. Kg2 g6 33. Kf3
Kg7 34. Ke4 Bf2 35. g4 Kf6 36. Kd5 h5 {Tid} 1-0

[Event "6. Copenhagen Open Politiken Cup"]
[Site "Copenhagen"]
[Date "1984.??.??"]
[Round "3"]
[White "Westerinen, Heikki"]
[Black "Van der Sterren, Paul"]
[Result "1/2-1/2"]
[WhiteElo "2385"]
[BlackElo "2475"]
[PlyCount "40"]
[EventDate "1984.??.??"]
[EventType "swiss"]
[EventRounds "10"]
[EventCountry "DEN"]
[SourceDate "2004.01.01"]

1. e4 d6 2. d4 Nf6 3. Nc3 g6 4. Nf3 Bg7 5. Be2 O-O 6. O-O c6 7. a4 Qc7 8. h3 e5
9. Re1 Nbd7 10. dxe5 dxe5 11. Be3 Rd8 12. Qc1 Nf8 13. Rd1 Rxd1+ 14. Qxd1 Be6
15. Qe1 Qa5 16. Bd3 N6d7 17. Ne2 Qxe1+ 18. Rxe1 h6 19. Nd2 f5 20. f3 Nf6
1/2-1/2

[Event "6. Copenhagen Open Politiken Cup"]
[Site "Copenhagen"]
[Date "1984.??.??"]
[Round "3"]
[White "Wockenfuss, Klaus"]
[Black "Fedder, Steen"]
[Result "1/2-1/2"]
[WhiteElo "2310"]
[BlackElo "2420"]
[PlyCount "134"]
[EventDate "1984.??.??"]
[EventType "swiss"]
[EventRounds "10"]
[EventCountry "DEN"]
[SourceDate "2004.01.01"]

1. d4 d5 2. Nc3 Nf6 3. Bg5 g6 4. e3 Bg7 5. Bd3 O-O 6. Nf3 c5 7. O-O cxd4 8.
exd4 Nc6 9. h3 Be6 10. Re1 Rc8 11. a3 Ne8 12. Ne2 f6 13. Bf4 Bf7 14. Nc3 Nd6
15. Nb5 Nxb5 16. Bxb5 Na5 17. Re3 a6 18. Bf1 Re8 19. Qd2 Nc4 20. Bxc4 Rxc4 21.
Rae1 Qd7 22. Rc3 Rxc3 23. Qxc3 Qf5 24. Bg3 Qd7 25. Qb4 Bf8 26. Qd2 Rc8 27. Rc1
Qb5 28. c3 Rc6 29. Re1 Rb6 30. Bc7 Re6 31. Rxe6 Bxe6 32. Ne1 Qc4 33. Bf4 g5 34.
Bg3 Bf5 35. h4 h6 36. hxg5 hxg5 37. Qd1 Kf7 38. Qd2 Qa4 39. Qc1 e6 40. Bb8 Ke8
41. Bg3 Kd7 42. Nc2 Be7 43. Kh2 Qb3 44. Ne3 Bg6 45. Qd2 Qb5 46. Kg1 Kc6 47. Qc1
Qd3 48. Kh2 b5 49. Qe1 Kd7 50. Qc1 Qe2 51. f3 Bd3 52. Kg1 f5 53. Nf1 f4 54. Bf2
g4 55. fxg4 Bg5 56. Nh2 f3 57. Qe1 fxg2 58. Qxe2 Bxe2 59. Be1 a5 60. c4 bxc4
61. Kxg2 Be3 62. Bc3 e5 63. dxe5 a4 64. Nf3 Bxf3+ 65. Kxf3 d4 66. Bb4 Bc1 67.
g5 Bxg5 1/2-1/2

[Event "6. Copenhagen Open Politiken Cup"]
[Site "Copenhagen"]
[Date "1984.??.??"]
[Round "4"]
[White "Bator, Robert"]
[Black "Reinert, Mads"]
[Result "1-0"]
[WhiteElo "2365"]
[BlackElo "2330"]
[PlyCount "89"]
[EventDate "1984.??.??"]
[EventType "swiss"]
[EventRounds "10"]
[EventCountry "DEN"]
[SourceDate "2004.01.01"]

1. d4 Nf6 2. g3 d5 3. Bg2 c6 4. Nd2 Bf5 5. c4 e6 6. Ngf3 h6 7. O-O Nbd7 8. b3
Bd6 9. Bb2 Qb8 10. Re1 b5 11. Qc1 bxc4 12. bxc4 Bh7 13. Ne5 Nxe5 14. cxd5 cxd5
15. dxe5 Bxe5 16. Qc6+ Ke7 17. Ba3+ Bd6 18. Rab1 Bxb1 19. Rxb1 Bxa3 20. Rb7+
Qxb7 21. Qxb7+ Nd7 22. e4 d4 23. Nb3 Rhb8 24. Qc6 Rc8 25. Qa4 Bc5 26. Nxc5 Rxc5
27. Qxd4 Rc1+ 28. Bf1 Rb8 29. Kg2 Rbb1 30. Be2 Re1 31. Bd3 Rg1+ 32. Kh3 Rbd1
33. Qb4+ Kd8 34. Bc2 Rc1 35. Ba4 Rc7 36. Bxd7 Rxd7 37. Qf8+ Kc7 38. Qxg7 Rgd1
39. Qxh6 R1d2 40. Qf4+ Kd8 41. a3 Ra2 42. Kg2 Rd3 43. Qxf7 Rdxa3 44. h4 Rd3 45.
h5 1-0

[Event "6. Copenhagen Open Politiken Cup"]
[Site "Copenhagen"]
[Date "1984.??.??"]
[Round "4"]
[White "Bilek, Istvan"]
[Black "Lindberg, Bengt"]
[Result "1-0"]
[WhiteElo "2395"]
[BlackElo "2265"]
[PlyCount "71"]
[EventDate "1984.??.??"]
[EventType "swiss"]
[EventRounds "10"]
[EventCountry "DEN"]
[SourceDate "2004.01.01"]

1. Nf3 Nf6 2. g3 g6 3. Bg2 Bg7 4. O-O O-O 5. d4 d6 6. c4 Nbd7 7. Nc3 e5 8. e4
exd4 9. Nxd4 Re8 10. Re1 Ng4 11. h3 Nge5 12. b3 Nc5 13. Be3 c6 14. Qc2 a5 15.
Rad1 Qc7 16. f4 Ned7 17. Bf2 Nb6 18. Qd2 Bf8 19. Bf1 Bd7 20. Nf3 Rad8 21. Bd4
Bc8 22. Qf2 Nbd7 23. Qd2 Ne6 24. Bf2 Ng7 25. Bg2 Nc5 26. Nd4 f5 27. exf5 Nxf5
28. Nf3 Ng7 29. Ng5 Rxe1+ 30. Rxe1 Re8 31. Rxe8 Nxe8 32. Bd5+ cxd5 33. Qxd5+
Kg7 34. Bd4+ Nf6 35. Bxf6+ Kxf6 36. Qd4+ 1-0

[Event "6. Copenhagen Open Politiken Cup"]
[Site "Copenhagen"]
[Date "1984.??.??"]
[Round "4"]
[White "Bjarnason, Saevar"]
[Black "Wedberg, Tom"]
[Result "0-1"]
[WhiteElo "2375"]
[BlackElo "2495"]
[PlyCount "52"]
[EventDate "1984.??.??"]
[EventType "swiss"]
[EventRounds "10"]
[EventCountry "DEN"]
[SourceDate "2004.01.01"]

1. d4 Nf6 2. c4 e6 3. Nf3 c5 4. e3 d5 5. Nc3 Nc6 6. cxd5 exd5 7. Be2 Be7 8. O-O
O-O 9. dxc5 Bxc5 10. b3 a6 11. Bb2 Ba7 12. Rc1 Qd6 13. Qc2 Be6 14. Na4 Ne4 15.
Nd4 Rac8 16. Nxc6 Rxc6 17. Nc3 Nxf2 18. Kxf2 d4 19. exd4 Bxd4+ 20. Ke1 Qxh2 21.
Qe4 Rd8 22. Bd3 g6 23. Kd2 Bf5 24. Rxf5 gxf5 25. Qf3 Qh6+ 26. Kc2 Bxc3 0-1